| 000 | 00605nam a2200193Ia 4500 | ||
|---|---|---|---|
| 005 | 20250508164939.0 | ||
| 008 | 008 250505s9999 xx 000 0 eng d | ||
| 037 | _aDissertations | ||
| 040 |
_aFEDL _beng _cFEDL |
||
| 041 |
_aeng _2eng |
||
| 084 |
_a372.21, BAT/DI _qFEDL |
||
| 100 |
_aBatra Semi _9779565 |
||
| 245 | 0 | _aTeaching strategies in pre-schools comparative case studies of American, British and Indian schools in Delhi | |
| 260 | _c1992 | ||
| 300 | _a63p. | ||
| 546 | _aM.Ed Dissertation (Delhi University) | ||
| 942 |
_cDIS _h372.21, BAT/DI |
||
| 999 |
_c1392198 _d1392198 |
||